=LDR 00000nam 2200000 4500 =001 000366 =005 20250710030015 =035 ##$$a 0010-0725000225 =007 ta =008 250710################a##########0#ind## =020 ##$$a 978-623-307-042-3 =082 ##$$a 398.209 598 =084 ##$$a 398.209 598 DAV c =100 #$$a Davela, R. Febyasti =245 1#$$a Cerita Anak Teluk Youtefa /$c Febyasti Davela Ramadini =250 ##$$a cetakan pertama =260 ##$$a Jakarta :$b Badan Pengembangan dan pembinaan bahasa,$c 2020 =300 ##$$a 24 hlm. : $b ilus. ; $c 29,7 cm$e 398.209 598 =650 #4$$a Komik =856 ##$$a TBM As Suhada =990 ##$$a TBM00850085